Importancia de la reacción del suelo (Record no. 120859)

MARC details
000 -LEADER
campo de control de longitud fija 00686nam a2200205 4500
001 - NÚMERO DE CONTROL
campo de control 120859
003 - IDENTIFICADOR DE NÚMERO DE CONTROL
campo de control ES-MaACL
005 - FECHA Y HORA DE LA ÚLTIMA TRANSACCIÓN
campo de control 20230906191634.0
007 - CAMPO FIJO DE DESCRIPCIÓN FÍSICA--INFORMACIÓN GENERAL
campo de control de longitud fija t|
008 - DATOS DE LONGITUD FIJA--INFORMACIÓN GENERAL
campo de control de longitud fija 070214s1981 sp r ||||1| spa d
100 1# - ENTRADA PRINCIPAL--NOMBRE DE PERSONA
Nombre de persona Prat Pérez, Luisa.
9 (RLIN) 93677
245 10 - MENCIÓN DEL TÍTULO
Título Importancia de la reacción del suelo
Resto del título : acidez, pH, necesidad de cal /
Mención de responsabilidad, etc. L. Prat Pérez.
260 ## - PUBLICACIÓN, DISTRIBUCIÓN, ETC.
Lugar de publicación, distribución, etc. Salamanca :
Nombre del editor, distribuidor, etc. I. O.A.T.O.,
Fecha de publicación, distribución, etc. 1981.
300 ## - DESCRIPCIÓN FÍSICA
Extensión 36 p., 1 lám. :
Otras características físicas il. ;
Dimensiones 25 cm.
490 1# - MENCIÓN DE SERIE
Mención de serie Temas de divulgación
710 2# - ENTRADA AGREGADA--NOMBRE DE ENTIDAD CORPORATIVA
Nombre de entidad corporativa o nombre de jurisdicción como elemento de entrada Instituto de Orientación y Asistencia Técnica del Oeste.
9 (RLIN) 4990
830 0# - PUNTO DE ACCESO ADICIONAL DE SERIE-TÍTULO UNIFORME
Título uniforme Temas de divulgación
9 (RLIN) 218706
852 ## - LOCALIZACIÓN
Ubicación ES-MaACL
Número de control de estantería 2121-F-16
Sublocalización o colección R.103167
Holdings
Estatus retirado Estado de pérdida Estado de daño No para préstamo Colección Biblioteca de origen Biblioteca actual Ubicación en estantería Fecha de adquisición Fuente de adquisición Total de préstamos Signatura topográfica completa Código de barras Visto por última vez Precio de reemplazo Tipo de ítem Koha
        Colección de folletos Biblioteca del Ateneo de Madrid Biblioteca del Ateneo de Madrid Depósito folletos 17/01/2008     2121-F-16 1125967 23/02/2023 23/02/2023 Folleto